| 000 | 01402cam a22003857a 4500 | ||
|---|---|---|---|
| 003 | CHAP | ||
| 005 | 20220329142354.0 | ||
| 008 | 001010d2000 mx bo r 00110 spa d | ||
| 010 | _a82518 | ||
| 011 | _a83490 | ||
| 035 | _a94003 | ||
| 040 | _cCHAP | ||
| 090 | _aTesis | ||
| 100 | 0 | 0 |
_aDíaz Gutiérrez, Edgar H. _933494 |
| 245 | 1 | 0 |
_aDiagnóstico de la fertirrigación y la calendarización del riego en dos zonas agrícolas de México _c/por Edgar H. Díaz Gutiérrez. |
| 260 |
_aChapingo, Méx. : _bEl autor, _c2000. |
||
| 300 |
_a97 h. : _bmapas, cuads., gráfs., fots. |
||
| 502 | _aTesis (Ing. en Irrigación) -- UACH. Departamento de Irrigación. | ||
| 590 |
_aALEPH _b10 _c20130110 _lUCH01 _h1438 |
||
| 590 |
_aBATCH-UPD _b10 _c20130110 _lUCH01 _h0526 |
||
| 590 |
_aBATCH-UPD _b10 _c20130110 _lUCH01 _h2348 |
||
| 590 |
_aBATCH-UPD _b10 _c20130410 _lUCH01 _h0206 |
||
| 590 |
_aBATCH-UPD _b10 _c20130410 _lUCH01 _h1635 |
||
| 590 |
_aBATCH-UPD _b10 _c20130914 _lUCH01 _h0817 |
||
| 590 |
_aCONVERSION _b10 _c20130109 _lUCH01 _h1346 |
||
| 650 | 1 | 4 |
_aCalendario para irrigación. _917464 |
| 650 | 1 | 4 |
_aDistrito de Riego Río Fuerte, Sin. _932922 |
| 650 | 1 | 4 |
_aFertirrigación. _940652 |
| 650 | 1 | 4 |
_aSuelos _zGuanajuato. _9110521 |
| 901 | _aBK | ||
| 905 | _aEdna Luz | ||
| 942 | _cFOLL | ||
| 949 |
_bBC _cTES _d33724000806113 _eTS2 _fc.2 _h37182 _i94003 _si |
||
| 949 |
_bBC _cTES _d940031 _eTS1 _h37181 _i94003 _sb |
||
| 999 |
_c82518 _d82518 |
||